Statistics for European countries with the highest African Population

Click here to take the quiz!

General Stats

  • This quiz has been taken 126 times
  • The average score is 8 of 9

Answer Stats

PopulationAnswer% Correct
8 MillionFrance
99%
2.8 MillionUnited Kingdom
99%
1.6 MillionItaly
98%
683,000Spain
98%
800,000Germany
96%
700,000Portugal
93%
600,000Belgium
89%
300,000Netherlands
88%
73,553Switzerland
77%

Score Distribution

Percentile by Number Answered

Percent of People with Each Score

Your Score History

You have not taken this quiz